00377nam a2200157Ia 45000010006000000050017000060080041000230410008000640820015000721000036000872450044001232600009001673000027001766500008002036540008002112086820260306172837.0260306t2016||||xx |||||||||||||| ||spa|| aESP a343.8bL99 aLuque Livón, Liz VanessaeAUT 0aInstructivo para el llenado del PDT 621 c2016 a47 páginas :c24 cm. aGEN aCCO